000 00334nam a2200133Ia 4500
008 240624s9999 xx 000 0 und d
041 _aeng
082 _a823 MAA
100 _aMAAS SARAH J
245 _aTOWER OF DAWN A THRONE OF GLASS NOVEL
260 _c2017
_aNew Delhi
_bBloomsbury
300 _a664 p.; 19 cm.
365 _cRS
_b30
999 _c29607
_d29607